| 000 | 01093nam a22001817a 4500 | ||
|---|---|---|---|
| 008 | 110818t xxu||||| |||| 00| 0 eng d | ||
| 020 | _a0127408525 9780127408521 | ||
| 050 | _aHD30.22.W43 | ||
| 100 | _a Webster, Thomas J. | ||
| 245 |
_aManagerial economics: theory and practice _c Thomas J. Webster |
||
| 260 |
_aAmsterdam _aBoston _bAcademic Press, an imprint of Elsevier Science _c2003. |
||
| 300 |
_axiv, 739 p. _b illus. _c24 cm. |
||
| 500 | _aIncludes bibliographical references and index | ||
| 505 | _aContents: Introduction -- Introduction to mathematical economics -- The Essentials of demand and supply -- Additional topics in demand theory -- Production -- Cost -- Profit and revenue maximization -- Market structure: Perfect competition and monopoly -- Market structure: monopolistic competition -- Market structure: duopoly and oligopoly -- Pricing practices -- Capital budgeting -- Introduction to game theory -- Risk and uncertianty -- Market failure and government intervention | ||
| 650 | _aManagerial economics. | ||
| 650 | _aEconomics, Mathematical. | ||
| 942 |
_2ddc _cBK |
||
| 999 |
_c10 _d7510 |
||